La dirección de tesis de doctorado : (Record no. 178020)

MARC details
000 -CABECERA
campo de control de longitud fija 01729nab a2200265 a 4500
005 - FECHA Y HORA DE LA ÚLTIMA TRANSACCIÓN
campo de control 20210223132727.0
008 - ELEMENTOS DE LONGITUD FIJA--INFORMACIÓN GENERAL
campo de control de longitud fija 991125s1985 mx 000 0 spa u
035 ## - NÚMERO DE CONTROL DEL SISTEMA
Número de control de sistema UPN01000205919
049 ## - COLECCIÓN
Colección ART
100 1# - ASIENTO PRINCIPAL--NOMBRE PERSONAL
Nombre de persona Fernández Fastuca, Lorena
100 1# - ASIENTO PRINCIPAL--NOMBRE PERSONAL
Filiación lorenafastuca@gmail.com
100 1# - ASIENTO PRINCIPAL--NOMBRE PERSONAL
Nombre de persona Wainerman, Catalina
9 (RLIN) 37690
100 1# - ASIENTO PRINCIPAL--NOMBRE PERSONAL
Filiación cwainerm@udesa.edu.ar
222 #0 - TÍTULO CLAVE
Título clave PERFILES EDUCATIVOS
245 03 - MENCIÓN DE TÍTULO
Título La dirección de tesis de doctorado :
Resto del título ¿ una práctica pedagógica ?
260 ## - PUBLICACIÓN, DISTRIBUCIÓN, ETC.
Lugar de publicación, distribución, etc. México
300 ## - DESCRIPCIÓN FÍSICA
Extensión 156-171
362 0# - FECHAS DE PUBLICACIÓN Y/O DESIGNACIÓN SECUENCIAL
Fecha de publicación y/o designación secuencial 2015 3a época, volumen 37, número 148
520 ## - NOTA DE RESUMEN, ETC.
Sumario, etc. La formación de investigadores ha cobrado gran relevancia en el marco de la sociedad del conocimiento, a partir de la fuerte expansión de los posgrados en Latinoamérica. La dirección de tesis como práctica educativa es considerada por la literatura como uno de los factores de mayor peso en la formación de investigadores y en la probabilidad de que los estudiantes completen o no sus programas doctorales. Este trabajo expone el estado del conocimiento sobre la dirección de tesis. La literatura la conceptualiza como una práctica educativa en la que el director asume un rol activo en la promoción del aprendizaje del tesista. Esta conceptualización permite valorar cuáles son las estrategias de enseñanza efectivas y pensar el aprendizaje de la investigación como el resultado de la interacción tesista-director, y no sólo a partir de las competencias del alumno
653 0# - TERMINO DE INDIZACION - NO CONTROLADO
Término no controlado DIRECCION DE TESIS
653 0# - TERMINO DE INDIZACION - NO CONTROLADO
Término no controlado FORMACION DE INVESTIGADORES
653 0# - TERMINO DE INDIZACION - NO CONTROLADO
Término no controlado DOCTORADO
856 4# - LOCALIZACIÓN Y ACCESO ELECTRÓNICOS
Identificador Uniforme del Recurso <a href="http://www.scielo.org.mx/scielo.php?script=sci_arttext&pid=S0185-26982015000200010&lng=es&nrm=iso&tlng=es">http://www.scielo.org.mx/scielo.php?script=sci_arttext&pid=S0185-26982015000200010&lng=es&nrm=iso&tlng=es</a>
905 ## - TIPO DE MATERIAL
Tipo de material Articulo

No items available.